000
00298nam a2200121Ia 4500
008
190216s9999||||xx |||||||||||||| ||und||
100
_a
Harold Koontz & Cyril D`Donnell
245
0
_a
Management
260
_b
Allied Publishers Limited
_c
1972
300
_a
824p
650
_a
Commerce
942
_c
BK
999
_c
4078
_d
4078